<?xml version="1.0" encoding="UTF-8"?>
<collection xmlns="http://www.loc.gov/MARC21/slim">
 <record>
  <leader>00375cam a2200133 7i4500</leader>
  <controlfield tag="001">0000036656</controlfield>
  <controlfield tag="005">20070329090000.0</controlfield>
  <datafield tag="020" ind1="0" ind2="0">
   <subfield code="a">9622171842 (pbk) </subfield>
  </datafield>
  <datafield tag="090" ind1="0" ind2="0">
   <subfield code="a">G155.M33 </subfield>
   <subfield code="b">MOO 1991</subfield>
  </datafield>
  <datafield tag="100" ind1="1" ind2="0">
   <subfield code="a">MOORE </subfield>
  </datafield>
  <datafield tag="245" ind1="1" ind2="0">
   <subfield code="a">Malaysia  </subfield>
   <subfield code="c">Wendy Moore; </subfield>
   <subfield code="f">Photography by R. Ian Lloyd.</subfield>
  </datafield>
  <datafield tag="260" ind1="0" ind2="0">
   <subfield code="a">Hong Kong: </subfield>
   <subfield code="b">Odyssey, </subfield>
   <subfield code="c">1991.</subfield>
  </datafield>
  <datafield tag="300" ind1=" " ind2=" ">
   <subfield code="a">224p.: </subfield>
   <subfield code="b">col. ill.; </subfield>
   <subfield code="c">21cm.</subfield>
  </datafield>
  <datafield tag="650" ind1="0" ind2="0">
   <subfield code="a">Tour guide -- </subfield>
   <subfield code="z">Malaysia </subfield>
  </datafield>
 </record>
</collection>
